High streets (Record no. 115146)
[ view plain ]
| 000 -LEADER | |
|---|---|
| fixed length control field | 01062cad a22002295a 4500 |
| 001 - CONTROL NUMBER | |
| control field | L158107 |
| 008 - FIXED-LENGTH DATA ELEMENTS--GENERAL INFORMATION | |
| fixed length control field | 140611s2014 xxk f 000 0 eng d |
| 020 ## - INTERNATIONAL STANDARD BOOK NUMBER | |
| International Standard Book Number | 9781783210503 |
| 035 ## - SYSTEM CONTROL NUMBER | |
| System control number | (Sirsi) u158107 |
| 041 0# - LANGUAGE CODE | |
| Language code of text/sound track or separate title | eng |
| 100 1# - MAIN ENTRY--PERSONAL NAME | |
| Personal name | Williams, Dominic |
| 110 2# - MAIN ENTRY--CORPORATE NAME | |
| Corporate name or jurisdiction name as entry element | Royal Institution of Chartered Surveyors |
| 9 (RLIN) | 4900 |
| 245 00 - TITLE STATEMENT | |
| Title | High streets |
| Remainder of title | adapting to change |
| Medium | [electronic resource] |
| 260 ## - PUBLICATION, DISTRIBUTION, ETC. | |
| Place of publication, distribution, etc. | London |
| Date of publication, distribution, etc. | RICS |
| Name of publisher, distributor, etc. | 2014 |
| 520 ## - SUMMARY, ETC. | |
| Summary, etc. | Addresses the factors behind the decline of retailing on the high street and in town centres. Suggests some possible solutions for the future of these buildings in terms of retail and beyond retail including alternative uses such as residential. |
| 520 ## - SUMMARY, ETC. | |
| Summary, etc. | OUT OF DATE ARCHIVED 23 DECEMBER 2016 |
| 590 ## - LOCAL NOTE (RLIN) | |
| Local note | KA |
| 651 #4 - SUBJECT ADDED ENTRY--GEOGRAPHIC NAME | |
| Geographic name | England and Wales |
| Chronological subdivision | 1543- |
| 690 ## - LOCAL SUBJECT ADDED ENTRY--TOPICAL TERM (OCLC, RLIN) | |
| Topical term or geographic name as entry element | Commercial property |
| 9 (RLIN) | 6227 |
| 856 40 - ELECTRONIC LOCATION AND ACCESS | |
| Uniform Resource Identifier | <a href="https://www.rics.org/uk/knowledge/professional-guidance/information-papers/high-streets-adapting-to-change-1st-edition/">https://www.rics.org/uk/knowledge/professional-guidance/information-papers/high-streets-adapting-to-change-1st-edition/</a> |
| Public note | View the item free of charge (member-only content) from the www.rics.org |
| 942 ## - ADDED ENTRY ELEMENTS (KOHA) | |
| Suppress in OPAC | 0 |
| Withdrawn status | Lost status | Source of classification or shelving scheme | Damaged status | Not for loan | Home library | Current library | Shelving location | Date acquired | Total Checkouts | Full call number | Barcode | Date last seen | Copy number | Price effective from | Koha item type |
|---|---|---|---|---|---|---|---|---|---|---|---|---|---|---|---|
| Dewey Decimal Classification | Virtual | Virtual | Online | 11/06/2014 | ONLINE PUBLICATION | 158107-2001 | 06/08/2019 | 1 | 06/08/2019 | Book |